| 000 | 00392nam a22001697a 4500 | ||
|---|---|---|---|
| 003 | CEME | ||
| 005 | 20210628203042.0 | ||
| 008 | 210201b xxu||||| |||| 00| 0 eng d | ||
| 020 | _a374132 | ||
| 040 | _c. | ||
| 082 | _a297.7 ISL | ||
| 100 |
_aSyed Muzamil Hussain _963041 |
||
| 245 | _aIslami wazief ka encyclopedia | ||
| 260 |
_aLAHORE _bPDF _c2010 |
||
| 300 | _a478P | ||
| 942 |
_cBK _2ddc |
||
| 999 |
_c571986 _d571986 |
||